| 000 | 00710cam a22002171 4500 | ||
|---|---|---|---|
| 001 | sa 68004937 | ||
| 003 | DLC | ||
| 005 | 20260227112505.0 | ||
| 008 | 720425s1967 ii 00000 eng | ||
| 010 | _asa 68004937 //r892 | ||
| 025 | _aPL480:I-E-8886 | ||
| 043 | _aa-ii--- | ||
| 050 | 0 | _aLAW | |
| 082 | _a352/.008/095482 | ||
| 110 | 1 | 0 |
_aMadras (State). _bLegislature. _bLegislative Council. _bSelect Committee on the Madras District Municipalities (Amendment) Bill, 1967 (L.A. Bill No. 2 of 1967) |
| 245 | 0 | 0 | _aReport and proceedings. |
| 260 | 0 |
_aMadras, _bLegislative Council Dept., _c1967. |
|
| 300 |
_a12 p. _c25 cm. |
||
| 500 | _aCover title. | ||
| 650 | 0 |
_aMunicipal corporations _zIndia _zTamil Nadu. |
|
| 999 |
_c80436 _d80436 |
||